Economic Outlook Japan 1995
Salvato in:
| Natura: | Libro |
|---|---|
| Lingua: | inglese |
| Pubblicazione: |
[S.l.]
Economic Planning Agency Japanese Government
1995
|
| Edizione: | 1. ed. |
| Soggetti: | |
| Tags: |
Nessun Tag, puoi essere il primo ad aggiungerne!!
|
MARC
| LEADER | 00000nam a2200000 4500 | ||
|---|---|---|---|
| 001 | c013097 | ||
| 005 | 20221205132910.1 | ||
| 041 | 0 | |a eng | |
| 044 | |a JP | ||
| 245 | 1 | 0 | |a Economic Outlook Japan 1995 |
| 250 | |a 1. ed. | ||
| 264 | 1 | |a [S.l.] |b Economic Planning Agency Japanese Government |c 1995 | |
| 300 | |a 30 s. | ||
| 610 | 2 | 0 | |a údaje štatistické |
| 610 | 2 | 0 | |a odvetvia činnosti ekonomickej |
| 610 | 2 | 0 | |a úroveň životná |
| 610 | 2 | 0 | |a príručky |
| 610 | 2 | 0 | |a Japonsko |
| 610 | 2 | 0 | |a 1995 |